Conversations with architects : (Record no. 10519)

000 -LEADER
fixed length control field 01611cam a22002537a 4500
003 - CONTROL NUMBER IDENTIFIER
control field OSt
005 - DATE AND TIME OF LATEST TRANSACTION
control field 20220330131301.0
008 - FIXED-LENGTH DATA ELEMENTS--GENERAL INFORMATION
fixed length control field 150619s2015 gw a b 001 0 eng d
020 ## - INTERNATIONAL STANDARD BOOK NUMBER
International Standard Book Number 3869222999
020 ## - INTERNATIONAL STANDARD BOOK NUMBER
International Standard Book Number 9783869222998
042 ## - AUTHENTICATION CODE
Authentication code lccopycat
072 #7 - SUBJECT CATEGORY CODE
Subject category code NA
Source lcco
082 04 - DEWEY DECIMAL CLASSIFICATION NUMBER
Classification number 720.92/2
Edition number 23
100 1# - MAIN ENTRY--PERSONAL NAME
Personal name Belogolovskiĭ, Vladimir,
Dates associated with a name 1970-
245 10 - TITLE STATEMENT
Title Conversations with architects :
Remainder of title in the age of celebrity /
Statement of responsibility, etc Vladimir Belogolovsky.
260 ## - PUBLICATION, DISTRIBUTION, ETC. (IMPRINT)
Place of publication, distribution, etc Berlin :
Name of publisher, distributor, etc Dom Publishers,
Date of publication, distribution, etc 2015.
300 ## - PHYSICAL DESCRIPTION
Extent 583 p. :
Other physical details ill. (some col.) ;
Dimensions 23 cm.
504 ## - BIBLIOGRAPHY, ETC. NOTE
Bibliography, etc Includes bibliographical references and index.
505 0# - FORMATTED CONTENTS NOTE
Formatted contents note Starchitecture : the big bang / Vladimir Belogolovsky -- The iconic building in an agnostic age / interview with Charles Jencks -- Fame, beauty, spectacle and today's role of architects / interview wth Kenneth Frampton -- Tracking the architects : a personal account of the interviewer / Vladimir Belogolovsky -- Conversations with : David Adjaye, Will Alsop, Alejandro Aravena, Shigeru Ban, Elizabeth Diller, Winka Debbeldam, Peter Eisenman, Norman Foster, Zaha Hadid, Steven Holl, Bjarke Ingels, Kengo Kuma, Daniel Libeskind, Jürgen Mayer H., Giancarlo Mazzanti, Richard Meier, Paulo Mendes da Rocha, Glenn Murcutt, Gregg Pasquarelli, Joshua Prince-Ramus, Wolf Prix, Kevin Roche, Robert Stern, Sergei Tchoban and Sergey Kuznetsov, Bernard Tschumi, Robert Venturi and Denise Scott Brown, Rafael Viñoly, Alejandro Zaera-Polo.
650 #0 - SUBJECT ADDED ENTRY--TOPICAL TERM
Topical term or geographic name as entry element Architects
Form subdivision Interviews.
650 #0 - SUBJECT ADDED ENTRY--TOPICAL TERM
Topical term or geographic name as entry element Architecture, Modern
Chronological subdivision 20th century.
650 #0 - SUBJECT ADDED ENTRY--TOPICAL TERM
Topical term or geographic name as entry element Architecture, Modern
Chronological subdivision 21st century.
942 ## - ADDED ENTRY ELEMENTS (KOHA)
Source of classification or shelving scheme
Holdings
Withdrawn status Lost status Source of classification or shelving scheme Damaged status Koha normalized classification for sorting Not for loan Permanent location Current location Date acquired Source of acquisition Cost, normal purchase price Full call number Barcode Date last seen Cost, replacement price Price effective from Koha item type
        720_920000000000000_2   BMS College of Architecture, Design and Planning BMS College of Architecture, Design and Planning 2022-03-28 6 2415.28 720.92/2 AR-UG2610 2022-03-30 3450.40 2022-03-30 UG Books
Copyright © 2025, The Librarian, Library and Information Centre, BMSCA D&P, Bengaluru. All Rights Reserved
web counter

Powered by Koha